000 02103cam a22003857i 4500
942 _cBK
999 _c690
_d690
001 19281061
003 OSt
005 20250420134821.0
008 160920s2017 inua b 001 0 eng d
010 _a 2016954409
020 _a9781119301080
_q(paperback)
035 _a(OCoLC)ocn962437319
040 _aCCE
_beng
_cKCST
_erda
042 _alccopycat
050 0 0 _aQA76.73.J38
_bB874 2017
082 0 4 _a005.2762
_223
100 1 _aBurd, Barry,
_eauthor.
_95341
245 1 0 _aJava programming for Android developers for dummies /
_cby Barry Burd.
250 _a2nd edition.
260 1 _aHoboken, NJ :
_bFor Dummies, a Wiley Brand,
_c[2017]
300 _axi, 437 pages :
_billustrations ;
_c24 cm.
490 1 _aFor dummies
500 _aIncludes index.
505 0 _aGetting started with Java programming for android developers. All about Java and Android -- Getting the tools that you need -- Creating and running an Android app -- Writing your own Java programs. An ode to code -- Java's building blocks -- Working with Java types -- Though these be methods, yet there is madness in't -- What Java does (and when) -- Working with the big picture: object-oriented programming. Why object-oriented programming is like selling cheese -- Saving time and money: reusing existing code -- Powering Android with Java code. The inside story -- Dealing with a bunch of things at a time -- An Android social media app -- Hungry burds: a simple Android game -- The part of tens. Ten ways to avoid mistakes -- Ten websites for developers.
520 _a"Master basic Java programming; created an Android program from start to finish; assemble and debug your own app"--Cover.
630 0 0 _aAndroid (Electronic resource)
_91469
650 0 _aApplication software
_xDevelopment.
_9161
650 0 _aJava (Computer program language)
_9436
650 0 _aMobile computing.
_95342
650 0 _aComputers
_xSoftware Development & Engineering
_xGeneral.
_95343
650 7 _aApplication software
_xDevelopment.
_2fast
_0(OCoLC)fst00811707
_9161
830 0 _a--For dummies.
_9109
942 _2ddc